000
00279nam a22001217a 4500
020
_a
0-333-64559-6
082
_a
940.546 LAS'D
100
_a
DAY, LEWIS, TAMASIM
_9
67355
245
_a
LAST LETTERS HOME
260
_a
LONDON
_b
MACMILLAN
_c
1995
300
_a
VIII,261P
942
_c
BK
999
_c
575156
_d
575156